000 00417nam a2200145 i 4500
001 25504
003 ES-MaACL
007 t|
008 021226s1984 sp ||||1| spa d
100 1 _aArias Moreno, Juan José.
_922790
245 1 0 _aSemblanza de La Coronada /
_cJuan José Arias Moreno.
260 _aMadrid :
_b[s.n.,
_c1984] (
_fImp. G. Beal)
300 _a79 p. ;
_c21 cm.
852 _aES-MaACL
_jL-7326
_bR.107263
999 _c25504
_d25504